| 000 | 00749nam a2200241 u 4500 | ||
|---|---|---|---|
| 005 | 20250301063805.0 | ||
| 008 | 160314s2008 mx r 000 0 spa d | ||
| 020 | _a9786077514039 | ||
| 035 | _aUPN01000209019 | ||
| 049 | _aF | ||
| 050 | 4 |
_aHM821 _bA4.2 |
|
| 100 | 1 |
_aAlcaraz, Rodolfo _940442 |
|
| 245 | 1 | 3 |
_aEl derecho a la no discriminación por identidad y expresión de género / _cRodolfo Alcaraz, Abril Alcaraz. |
| 260 |
_aMéxico : _bCONAPRED, _c2008. |
||
| 300 |
_a46 p. : _bcuadros |
||
| 440 | 0 |
_aTextos del caracol ; _v4 |
|
| 650 | 4 |
_aDiscriminación sexual _925242 |
|
| 650 | 4 |
_aIgualdad ante la ley _914260 |
|
| 650 | 4 |
_aIdentidad de género _912839 |
|
| 700 | 1 |
_aAlcaraz, Abril, _ecoaut. |
|
| 905 | _aLibro | ||
| 999 |
_c181120 _d181120 |
||